Арматура предохранительная. Выбор, установка и расчет: [справочное пособие]

Bibliografiset tiedot
Päätekijä: Асеев О. И. Олег Иванович
Yhteenveto:Рассмотрены критерии подбора предохранительной арматуры в зависимости от различных условий. Приведен порядок расчета количества выбросов и определения параметров трубопроводных систем в местах установки арматуры. Дан обзор возможных аварийных ситуаций на перерабатывающих предприятиях и раскрыты меры, направленные на их предотвращение путем организации предохранительных систем сброса. Подробно изложен метод нахождения пропускной способности арматуры в зависимости от количества выбросов, параметров подводящих и отводящих трубопроводов. Описаны правила вычисления времени срабатывания и определения герметичности арматуры, а также выявления реактивных сил при сбрасывании газообразной рабочей среды. Даны рекомендации относительно выбора пружин, настройки предохранительных клапанов, выяснения направления сбросов, проведения ревизий и организации мер безопасности.
Kieli:venäjä
Julkaistu: Москва, Инфра-Инженерия, 2018
Aiheet:
Aineistotyyppi: Kirja
KOHA link:https://koha.lib.tpu.ru/cgi-bin/koha/opac-detail.pl?biblionumber=340379

MARC

LEADER 00000nam0a2200000 4500
001 340379
005 20231102005231.0
010 |a 9785972902200 
035 |a (RuTPU)RU\TPU\book\367203 
090 |a 340379 
100 |a 20180320d2018 km y0rusy50 ca 
101 0 |a rus 
102 |a RU 
105 |a a z 001zy 
200 1 |a Арматура предохранительная. Выбор, установка и расчет  |e [справочное пособие]  |f О. И. Асеев 
210 |a Москва  |c Инфра-Инженерия  |d 2018 
215 |a 206 с.  |c ил. 
320 |a Библиогр.: с. 203-204 
330 |a Рассмотрены критерии подбора предохранительной арматуры в зависимости от различных условий. Приведен порядок расчета количества выбросов и определения параметров трубопроводных систем в местах установки арматуры. Дан обзор возможных аварийных ситуаций на перерабатывающих предприятиях и раскрыты меры, направленные на их предотвращение путем организации предохранительных систем сброса. Подробно изложен метод нахождения пропускной способности арматуры в зависимости от количества выбросов, параметров подводящих и отводящих трубопроводов. Описаны правила вычисления времени срабатывания и определения герметичности арматуры, а также выявления реактивных сил при сбрасывании газообразной рабочей среды. Даны рекомендации относительно выбора пружин, настройки предохранительных клапанов, выяснения направления сбросов, проведения ревизий и организации мер безопасности. 
606 1 |a Трубопроводная арматура  |x Расчет  |2 stltpush  |3 (RuTPU)RU\TPU\subj\61725  |9 78888 
610 1 |a предохранительная арматура 
610 1 |a предварительные расчеты 
610 1 |a выбросы 
610 1 |a количество 
610 1 |a предохранительные клапаны 
610 1 |a выбор 
610 1 |a сечение 
610 1 |a гидравлический расчет 
610 1 |a мембранные установки 
610 1 |a диаметры 
610 1 |a справочные пособия 
675 |a 621.646(035)  |v 4 
700 1 |a Асеев  |b О. И.  |g Олег Иванович 
801 1 |a RU  |b 63413507  |c 20180320 
801 2 |a RU  |b 63413507  |c 20190924  |g RCR 
942 |c BK 
959 |a 3/20180221  |d 1  |e 1520,00  |f ЧЗТЛ:1